Avenidas de Valencia - Estadísticas

Estadísticas generales
  • Esta prueba ha sido intentada 89 veces
    51 desde el último reinicio
  • La puntuación promedio es 7 de 29
Estadísticas de respuestas
Avenida % Correcto
Avenida de Blasco Ibañez
72%
Avenida del Cid
72%
Avenida de Aragón
56%
Avenida del Puerto
53%
Avenida de Primado Reig
44%
Avenida de la Cortes Valencianas
41%
Avenida de los Naranjos
38%
Avenida de Peris y Valero
34%
Avenida de Francia
31%
Avenida del Reino de Valencia
31%
Avenida de Campanar
28%
Avenida de Giorgeta
25%
Avenida de Peset Aleixandre
25%
Avenida de Ausiàs March
22%
Avenida de los Hermanos Marchado
19%
Avenida de Burjassot
16%
Avenida de Tres Cruces
16%
Avenida de la Constitución
13%
Avenida de Antonio Ferrandis
9%
Avenida del Maestro Rodrigo
6%
Avenida de Tirso de Molina
6%
Avenida del General Avilés
3%
Avenida del Mediterraneo
3%
Avenida de Pio XII
3%
Avenida de Ecuador
0%
Avenida de Juan XIII
0%
Avenida de las Baleares
0%
Avenida del Sur
0%
Avenida de Palmaret
0%
No se encontraron pruebas coincidentes
Distribución de puntuación
Porcentaje de gente con cada puntuación
Porcentaje por número respondido
Historial de tus puntuaciones
No has intentado esta prueba desde el último reinicio